American history : A survey

Uloženo v:
Podrobná bibliografie
Hlavní autor: Brinkley, Alan
Médium: Kniha
Jazyk:Undetermined
Vydáno: Boston McGraw-Hill 2007
Témata:
Tagy: Přidat tag
Žádné tagy, Buďte první, kdo otaguje tento záznam!
Thư viện lưu trữ: Trung tâm Học liệu Trường Đại học Cần Thơ
LEADER 00523nam a2200217Ia 4500
001 CTU_178238
008 210402s9999 xx 000 0 und d
020 |c 15 
082 |a 973/Vol.1 
082 |b B858 
100 |a Brinkley, Alan 
245 0 |a American history : 
245 2 |b A survey 
245 0 |c Alan Brinkley 
260 |a Boston 
260 |b McGraw-Hill 
260 |c 2007 
650 |a United states 
650 |x History 
904 |i Nguyên 
980 |a Trung tâm Học liệu Trường Đại học Cần Thơ